000 00759nas a2200241 4500
001 BR9607421
003 BR-BrBNA
005 20231205094943.0
007 ta
008 230509b bl.|||p| |||| 00| 00por d
040 _aBR-BrBNA
_bpor
_cBiblioteca Nacional de Agricultura
041 _a(Pt)
072 _aQ04
100 1 _aLima, J.R.
100 1 _aGoncalves, l.A.G.
245 1 _aAvaliacao analitica de oleos utilizados em processos de fritura
650 _aOleo
650 _aFritura
650 _aControle de Qualidade
773 0 _tBoletim da Sociedade Brasileira de Ciencia e Tecnologia de Alimentos (Brazil)
_xISSN 0101-3637
_g(Jul-Dec 1995), v. 29(2) p. 186-192
_wBR9607421
909 _a202311
_bLúcia
_c55
_dLúcia Elande
942 _2AGRIS
_n0
_cANA
999 _c147913
_d147913